|
|
|
|
| LEADER |
00984nam a22002652a 4500 |
| 001 |
000229785 |
| 003 |
CZ BrMZK |
| 005 |
20081029113118.0 |
| 007 |
ta |
| 008 |
950101s1983 xr f cze d |
| 020 |
|
|
|q (Brož.) :
|c 7 Kčs
|
| 040 |
|
|
|a ABA001
|b cze
|d ABA001
|d BOA001
|
| 080 |
9 |
|
|a 658.012.12
|
| 245 |
0 |
0 |
|a Rozbor hospodářské činnosti v příkladech /
|c Jan Macek ... [et al.]
|
| 250 |
|
|
|a 1. vyd.
|
| 260 |
|
|
|a Ostrava :
|b Vysoká škola báňská,
|c 1983
|
| 300 |
|
|
|a 91 s. :
|b tb. ;
|c 30 cm
|
| 500 |
|
|
|a 1000 výt.
|
| 655 |
|
7 |
|a učebnice vysokých škol
|7 fd133772
|2 czenas
|
| 700 |
1 |
|
|a Macek, Jan,
|d 1931-
|7 ola2002142266
|4 aut
|
| 910 |
|
|
|a BOA001
|b 4-0872.637
|
| 964 |
|
|
|a Hospodářská činnost - rozbory - příklady - sbírky - vysoké školy
|
| 990 |
|
|
|a BK
|
| 996 |
6 |
|
|b 2619831969
|c 4-0872.637
|l MZK
|r Sklad / do 1 hodiny
|n 0
|w 000229785
|u 000020
|a 1
|e BOA001
|j MZK50
|s P
|
| 996 |
7 |
|
|b 2619915692
|c 4-0872.637
|l MZK
|r Sklad / do 1 hodiny
|n 2
|w 000229785
|u 000010
|a 1
|e BOA001
|j MZK50
|s A
|